Στα αρχαία χρόνια : ιστορία Δ' δημοτικού ; βιβλίο για το δάσκαλο
Αποθηκεύτηκε σε:
| Άλλοι συγγραφείς: | |
|---|---|
| Μορφή: | Βιβλίο |
| Γλώσσα: | Greek |
| Δημοσίευση: |
Αθήνα :
Ο.Ε.Δ.Β.,
1992.
|
| Έκδοση: | 6η έκδ. |
| Θέματα: | |
| Ετικέτες: |
Προσθήκη ετικέτας
Δεν υπάρχουν, Καταχωρήστε ετικέτα πρώτοι!
|
MARC
| LEADER | 00000cam a2200000 i 4500 | ||
|---|---|---|---|
| 001 | 1/80390 | ||
| 008 | 980911s1992 gr | ||| |||| ||gre|| | ||
| 020 | |a 9600601569 | ||
| 035 | |l 10033433 | ||
| 040 | |a GR-MY-UA |b gre |e aacr | ||
| 041 | 0 | |a gre | |
| 082 | 7 | |a 372.8909495 |2 (22) | |
| 245 | 0 | 0 | |a Στα αρχαία χρόνια : |b ιστορία Δ' δημοτικού ; βιβλίο για το δάσκαλο / |c Διονύσιος Ακτύπης ... [κ.ά.]. |
| 250 | |a 6η έκδ. | ||
| 260 | |a Αθήνα : |b Ο.Ε.Δ.Β., |c 1992. | ||
| 300 | |a 201 σ. ; |c 24 εκ. | ||
| 500 | |a Ανω του τίτλου: Υπουργείο Εθνικής Παιδείας και Θρησκευμάτων, Παιδαγωγικό Ινστιτούτο, Τμήμα Πρωτοβάθμιας Εκπαίδευσης. | ||
| 650 | 0 | 0 | |a History |x Study and teaching (Elementary) |z Greece. |
| 700 | 1 | |a Ακτύπης, Διονύσιος Α. | |
| 852 | |a INST |b RHODES |e 19980911 |h 372.8909495 ΣΤΑ |p 005400005186 |q 005400005186 |t BK |y 620 | ||
| 901 | |a BIBL-1998-3 | ||
| 909 | |a Ρ |b 014236 | ||
| 922 | |a 4ΕΛΗ |b 198906 |c ΔΩΡΕΑ | ||
| 970 | |z 1989/06 | ||